| 000 | 01372nam a2200361Ia 4500 | ||
|---|---|---|---|
| 001 | ebr10668439 | ||
| 003 | CaPaEBR | ||
| 006 | m u | ||
| 007 | cr cn||||||||| | ||
| 008 | 020307s2003 enk sb 001 0 eng d | ||
| 010 | _z 2002103332 | ||
| 020 | _z9780761961413 | ||
| 020 | _z9781446205327 | ||
| 020 | _z0761961410 (pbk.) | ||
| 020 | _z0761961402 | ||
| 040 |
_aCaPaEBR _cCaPaEBR |
||
| 035 | _a(OCoLC)738380250 | ||
| 050 | 1 | 4 |
_aLB1028 _b.F72 2003eb |
| 082 | 0 | 4 |
_a370/.7/2 _222 |
| 100 | 1 | _aFreebody, Peter. | |
| 245 | 1 | 0 |
_aQualitative research in education _h[electronic resource] : _binteraction and practice / _cPeter Freebody. |
| 260 |
_aLondon ; _aThousand Oaks, Calif. : _bSAGE Publications, _c2003. |
||
| 300 | _axi, 234 p. | ||
| 490 | 1 | _aIntroducing qualitative methods | |
| 504 | _aIncludes bibliographical references (p. [219]-228) and index. | ||
| 533 |
_aElectronic reproduction. _bPalo Alto, Calif. : _cebrary, _d2013. _nAvailable via World Wide Web. _nAccess may be limited to ebrary affiliated libraries. |
||
| 650 | 0 |
_aEducation _xResearch. |
|
| 650 | 0 | _aQualitative research. | |
| 655 | 7 |
_aElectronic books. _2local |
|
| 710 | 2 | _aebrary, Inc. | |
| 830 | 0 | _aIntroducing qualitative methods. | |
| 856 | 4 | 0 |
_uhttp://site.ebrary.com/lib/rucke/Doc?id=10668439 _zAn electronic book accessible through the World Wide Web; click to view |
| 999 |
_c175543 _d175543 |
||